| 000 | 00464nam a2200157Ia 4500 | ||
|---|---|---|---|
| 008 | 230907s9999||||xx |||||||||||||| ||und|| | ||
| 082 |
_a621 _bHIR |
||
| 100 |
_aHirra Anwar (00000318629) _9116710 |
||
| 245 | 0 | _aSynthesis of Oxide-Based Solid Electrolyte for Lithium Batteries / | |
| 260 |
_aUSPCAS-E, NUST, _bIslamabad : _c2022 |
||
| 300 | _axiv, 76 p. | ||
| 520 | _aTH-379 | ||
| 650 | _aMS-ESE Thesis MS Thesis | ||
| 700 | _aDr Ghulam Ali | ||
| 942 |
_cTHE _2ddc |
||
| 999 |
_c602057 _d602057 |
||